Pokémon aléatoire sans voyelles - Statistiques

Statistiques générales
  • Ce quiz a été pris 117 fois
  • Le résultat moyen est 13 sur 20
Statistiques - réponses
Indice Nom % Correct
B Abo
100%
KWKWK Akwakwak
100%
LKZ Alakazam
100%
MVNS Amovénus
100%
QL Aquali
100%
RCNN Arcanin
100%
RCHDNG Archéodong
100%
RCK Arcko
100%
RKPT Arkéapti
100%
VLTT Avaltout/Voltoutou
100%
BCBH Bacabouh
100%
BDBN Badabouin
100%
BGGD Baggaïd
100%
BRP Barpau
100%
BSTDN Bastiodon
100%
BTRCN Batracné
100%
BDRV Baudrive
100%
BBCLL Bébécaille
100%
BKGLCN Bekaglaçon
100%
BLDNG Beldeneige
100%
BRSC Bérasca
100%
BTCHF Bétochef
100%
BLNDPQ Blindépique
100%
BLZZR Blizzaroi
100%
BGRSS Boguérisse
100%
BMT Boumata
100%
BSTFLR Boustiflor
100%
BRSGL Braségali
100%
BRCLM Brocélôme
100%
BRTLBR Brutalibré
100%
CBRLN Cabriolaine
100%
CCTRN Cacturne
100%
CDZ Cadoizo
100%
CMRPT Camérupt
100%
CNRBLL Canarbello
100%
CNRTCH Canarticho
100%
CNCRLV Cancrelove
100%
CPDXTR Capidextre
100%
CRBFF Carabaffe
100%
CRTRC Caratroc
100%
CRMCH Carmache
100%
CRBLLN Cerbyllin
100%
CHCRPN Chacripan
100%
CHGLM Chaglam
100%
CHRPNT Charpenti
100%
CHNSLL Cheniselle
100%
CHTFLR Chétiflor
100%
CHVRM Chevroum
100%
CHMPNF Chimpenfeu
100%
CHNCHD Chinchidou
100%
CHLRBL Chlorobule
100%
CHCHDL Chochodile
100%
CHRSCR Chrysacier
100%
CHCHMR Chuchmur
100%
CZYX Cizayox
100%
CLTCLC Cliticlic
100%
CCHGNN Cochignon
100%
CQPRL Coquiperl
100%
CRNBR Cornèbre
100%
CNTN Couaneton
100%
CDLNG Coudlangue
100%
CPNTT Coupenotte
100%
CRRSNG Courrousinge
100%
CRBRQ Crabaraque
100%
CRPSTL Crapustule
100%
CRFDT Créfadet
100%
CRFLLT Créfollet
100%
CRKZK Crikzik
100%
CRCRBL Crocorible
100%
CRCRDL Crocrodil
100%
CRSTBR Crustabri
100%
CRD Cryodo
100%
DRKR Darkrai
100%
DRMRND Darumarond
100%
DDNN Dedenne
100%
DFLSN Déflaisan
100%
DLSTN Délestin
100%
DMLSS Démolosse
100%
DSSLND Desséliande
100%
DNCLR Dinoclier
100%
DSPRPTL Dispareptil
100%
DFN Dofin
100%
DNPHN Donphan
100%
DDVT Doudouvet
100%
DRB Draby
100%
DRC Draco
100%
DRGMR Dragmara
100%
DRL Draïeul
100%
DRSCR Drascore
100%
DRTTN Dratatin
100%
DRLGN Duralugon
100%
CTPLSM Ectoplasma
100%
FFLCH Efflèche
100%
LCSPRNT Élecsprint
100%
PN-D-FR Épine-de-Fer
100%
ESCRGM Escargaume
100%
VL Évoli
100%
XGD Exagide
100%
FNTMNS Fantominus
100%
FRFRT Farfuret
100%
FRFRX Farfurex
100%
FRSNG Férosinge
100%
FFRV Feuforêve
100%
FNRD Feunard
100%
FNNC Feunnec
100%
F-PRCNT Feu-Perçant
100%
FLNTRPP Filentrappe
100%
FLBB Flabébé
100%
FLGDSS Flagadoss
100%
FLMBN Flambino
100%
FLMBSRD Flambusard
100%
FLMNRL Flamenroule
100%
FLMGTR Flâmigator
100%
FLB Flobio
100%
FLRGS Florges
100%
FLRZRR Florizarre
100%
FNGS-FR Fongus-Furie
100%
FRTRSS Foretress
100%
FRGLL Forgella
100%
FNTT Fouinette
100%
FRGLD Fragilady
100%
FRSN Frison
100%
FNCR Funécire
100%
GLKD Galekid
100%
GLP Galopa
100%
GMBLST Gamblast
100%
GRDVR Gardevoir
100%
GNSCT Genesect
100%
GRMGNN Germignon
100%
GVRL Givrali
100%
GLVD Glaivodo
100%
GLMSTC Golemastoc
100%
GLGOPTH Golgopathe
100%
GRBLL Granbull
100%
GRNDR Grindur
100%
GRRT Groret
100%
GRTDMRV Grotadmorv
100%
HCHCTR Hachécateur
100%
HSTCD Hastacuda
100%
HLNC Hélionceau
100%
HRBZRR Herbizarre
100%
HRCNDR Héricendre
100%
HXDRN Hexadron
100%
HXGL Hexagel
100%
H-H Ho-Oh
100%
HTT-D-FR Hotte-de-Fer
100%
HPTRMP Hypotrempe
100%
JRCH Jirachi
100%
JNGK Jungko
100%
KBT Kabuto
100%
KMNS Kaiminus
100%
KNGRX Kangourex
100%
KRCL Karaclée
100%
KHLCRK Khélocrok
100%
KRBBSS Krabboss
100%
KGR Kyogre
100%
LGGRN Laggron
100%
LNRG Lainergie
100%
LKMCGN Lakmécygne
100%
LMPGNN Lampignon
100%
LPR Lapyro
100%
LRVTT Larveyette
100%
LTS Latias/Latios
100%
LPRDS Léopardus
100%
LPDNLL Lépidonille
100%
LSTMBL Lestombaile
100%
LPPT Lippoutou/Lippouti
100%
LX Lixy/Luxio
100%
LCKPN Lockpin
100%
LKHLSS Lokhlass
100%
LMBR Lombre
100%
LDCL Ludicolo
100%
LMVL Lumivole
100%
LXR Luxray
100%
MCRNM Macronium
100%
MGNN Maganon
100%
MGCRP Magicarpe
100%
MGNT Magnéti
100%
MGNTN Magnéton
100%
MKHT Makuhita
100%
MMMCHN Mammochon
100%
MNPH Manaphy
100%
MNDRLLN Mandrillon
100%
MRCCH Maracachi
100%
MRLL Marill
100%
MRSSN Marisson
100%
MSCMN Mascaïman
100%
MDTKK Méditikka
100%
MLNCLX Mélancolux
100%
ML Mélo
100%
MSMRLL Mesmérella
100%
MTMRPH Métamorph
100%
MTNG Métang
100%
MTN Météno
100%
MMSM Miamiasme
100%
MLBLLS Milobellus
100%
MMJR Mime Jr.
100%
MNSNG Minisange
100%
MNTP Minotaupe
100%
MT-D-FR Mite-de-Fer
100%
MMRTK Momartik
100%
MNRPL Monorpale
100%
MNTHRCT Monthracite
100%
MRPH Morphéo
100%
MNN Munna
100%
MSTFLTT Mustéflott
100%
MGVLT Mygavolt
100%
MSDBL Mysdibule
100%
MSTHRB Mystherbe
100%
NNPT Nénupiot
100%
NDQN Nidoqueen
100%
NDRN Nidoran♀/♂/Nidorina/Nidorino
100%
NNJSK Ninjask
100%
NRNDLL Nirondelle
100%
NRFNG Noarfang
100%
NCTL Noctali
100%
NDLTH Nodulithe
100%
NNF Noeunoeuf
100%
NSFRLT Nosferalto
100%
NSFRPT Nosferapti
100%
NSTNFR Nostenfer
100%
HMSSCR Ohmassacre
100%
NX Onix
100%
SSLT Osselait
100%
STMPO Ouistempo
100%
PCHRS Pachirisu
100%
PCHRDJH Pachyradjah
100%
PLRTCH Palarticho
100%
PNDRBR Pandarbare
100%
PNDSPGL Pandespiègle
100%
PPLRD Papilord
100%
PPLSN Papilusion
100%
PRGRN Pérégrain
100%
PHRMP Pharamp
100%
PHGLR Phogleur
100%
PFBC Piafabec
100%
PRRTKNK Pierroteknik
100%
PKCH Pikachu
100%
PNGLN Pingoléon
100%
PTRLL Pitrouille
100%
PSSRN Poissirène
100%
PLGRFF Polagriffe
100%
PLCHMBR Polichombr
100%
PMDPK Pomdepik
100%
PMDRCH Pomdorochi
100%
PMDRMR Pomdramour
100%
PMDRP Pomdrapi
100%
PNCHT Ponchiot
100%
PNDRLGN Pondralugon
100%
PRGN2 Porygon2
100%
PLPF Poulpaf
100%
PRSMLLN Prismillon
100%
PSSTGR Psystigri
100%
PTR Ptéra
100%
PTRV Ptiravi
100%
RCLL Racaillou
100%
RMLSS Ramoloss
100%
RQZ Rayquaza
100%
RGDRG Regidrago
100%
RGGGS Regigigas
100%
RGSTL Registeel
100%
RLCNTH Relicanth
100%
RMRD Rémoraid
100%
RPTNCL Reptincel
100%
RSHRM Reshiram
100%
RXLLS Rexillius
100%
RHNSTC Rhinastoc
100%
RHNCRN Rhinocorne
100%
RL Riolu
100%
RC-D-FR Roc-de-Fer
100%
RNFLX Ronflex
100%
RNGRG Rongrigou
100%
RBLNRD Roublenard
100%
RCPS Roucoups
100%
SLRSN Salarsen
100%
SCLPN Scalpion
100%
SCLPR Scalproie
100%
SCRHN Scarhino
100%
SCBLD Scobolide
100%
SCRVL Scorvol
100%
SPTP Sepiatop
100%
SRCRWL Séracrawl
100%
SVPR Séviper
100%
SHFN Shaofouine
100%
SHMN Shaymin
100%
SHFRS Shifours
100%
SLVLL Silvallié
100%
SMLRBR Simularbre
100%
SKLNX Skelénox
100%
SKTT Skitty
100%
SNBBLL Snubbull
100%
SLGL Solgaleo
100%
SNSTRLL Sonistrelle
100%
SRBB Sorbébé
100%
SPNDA Spinda
100%
SPDD Spododo
100%
STLGMN Stalgamin
100%
STLX Steelix
100%
TG-TG Tag-Tag
100%
TRNBLL Tarenbulle
100%
TRNR Tarinor
100%
TRNRM Tarinorme
100%
TRPD Tarpaud
100%
TRSL Tarsal
100%
TDDRS Teddiursa
100%
TNGLC Tengalice
100%
TNTCL Tentacool
100%
TNTCRL Tentacruel
100%
TRRKM Terrakium
100%
TTRT Têtarte
100%
TTS-D-FR Têtes-de-Fer
100%
THFFR Théffroi
100%
THFFRBL Théffroyable
100%
TC Tic
100%
TPLF Tiplouf
100%
TSSNBL Tissenboule
100%
TGTC Togetic
100%
TRGMRD Torgamord
100%
TRTK Tortank
100%
TRNGRN Tournegrin
100%
TRPK Triopikeau
100%
TRPKR Triopikeur
100%
TRXHDR Trioxhydre
100%
TRMPGNN Trompignon
100%
TTFH Tutafeh
100%
TTTKR Tutétékri
100%
TLTN Tylton
100%
TRNCF Tyranocif
100%
VRPM Verpom
100%
VRT-D-FR Vert-de-Fer
100%
VBRNNF Vibraninf
100%
VGRTH Vigoroth
100%
VRDM Viridium
100%
VSKS Viskuse
100%
VRMB Vrombi
100%
WLMR Wailmer
100%
WLRD Wailord
100%
WTTPK Wattapik
100%
WTTT Wattouat
100%
WMSSR Wimessir
100%
XT Xatu
100%
ZPTRL Zapétrel
100%
ZRB Zarbi
100%
ZBBRN Zébibron
100%
ZKRM Zekrom
100%
ZRD Zéroïd/Zarude
100%
ZRRK Zoroark
100%
ZGRD Zygarde
100%
PRSN Persian
80%
PJK Pijako
80%
CLB Celebi
75%
CXCLQ Coxyclaque
75%
KNTR Keunotor
75%
KRVRCH Kravarech
75%
KNGFN Kungfouine
75%
MFTT Moufouette
75%
NCLS Nucléos
75%
MLTN Meltan
71%
BR Abra
67%
CRPC Carapuce
67%
CRFRSS Cerfrousse
67%
CLMRL Clamiral
67%
CLHMRD Colhomard
67%
DRTTK Drattak
67%
GRMLT Gourmelet
67%
KRLLN Korillon
67%
LG Lugia
67%
LGLBR Lugulabre
67%
MCHPR Machopeur
67%
MTSM Motisma
67%
RSL Rosélia
67%
TBDT Tiboudet
67%
TRPS Tropius
67%
VRSTR Vorastérie
67%
CRVNH Carvanha
60%
STRNLL Astronelle
50%
BJN Baojian
50%
BRVRN Bruyverne
50%
CNDN Candine
50%
CRPGS Carapagos
50%
CRMDR Carmadura
50%
CHRSPL Chrysapile
50%
CLPSTR Cléopsytra
50%
CBLTM Cobaltium
50%
CCFRT Coconfort
50%
CLMB Colombeau
50%
CMPGNL Compagnol
50%
CRYM Corayôme
50%
CRSSL Cresselia
50%
DNC Diancie
50%
DDL Dodoala
50%
DRCF Dracaufeu
50%
FLMTN Flamoutan
50%
FLRCLT Floréclat
50%
GLVGL Galvagla
50%
GRTHMC Gorythmic
50%
GPL Goupilou
50%
GRNPT Grainipiot
50%
GRLCN Grelaçon
50%
GRMLN Grimalin
50%
GRDRV Grodrive
50%
GRLM Grolem
50%
GRTCH Grotichon
50%
HDRGL Hydragla
50%
KKS Kokiyas
50%
KRDN Koraidon
50%
KRKNX Kraknoix
50%
LNCRGT Lançargot
50%
LVTR Léviator
50%
LWSR Lewsor
50%
LBGN Libégon
50%
LCNN Lucanon
50%
MJSPC Majaspic
50%
MTLTR Mateloutre
50%
MGNM Méganium
50%
MLMTL Melmetal
50%
MLF Mélofée
50%
MLKRK Mélokrik
50%
MW Mew
50%
MGLQTT M. Glaquette
50%
MSHN Mushana
50%
NTRM Neitram
50%
CTLLR Octillery
50%
PRCL Parecool
50%
PSHMLL Pashmilla
50%
PHN Phione
50%
PFL Pifeuil
50%
PLTCHGST Poltchageist
50%
PNCHN Ponchien
50%
PSP Posipi
50%
PRL Pyroli
50%
RMP-LS Rampe-Ailes
50%
RPN Rapion
50%
RTNTF Ratentif
50%
RNGRMND Rongourmand
50%
SQDN Saquedeneu
50%
SCVLN Scovilain
50%
SLTN Selutin
50%
SMBRZ Simiabraz
50%
SMG Smogo
50%
SLCH Solochi
50%
TRRST Terraiste
50%
TKPSC Tokopisco
50%
TTMB Toutombe
50%
TRTND Tritonde
50%
VRVRRR Virevorreur
50%
VRVNT Virovent
50%
ZCN Zacian
50%
ZMZNT Zamazenta
50%
RRZRD Arrozard
33%
BRSRKTT Berserkatt
33%
DSLRD Deusolourdo
33%
NGLTRN Engloutyran
33%
HPCN Hypocéan
33%
KMRS Kaimorse
33%
MNTRNL Manternel
33%
PLTHGST Polthégeist
33%
PRDSTR Prédastérie
33%
SCN Suicune
33%
ABS Absol
0%
RMT Aéromite
0%
RPTRX Aéroptéryx
0%
FLMNR Aflamanoir
0%
RMR Airmure
0%
LGTR Aligatueur
0%
LTR Altaria
0%
M-M Ama-Ama
0%
MGR Amagara
0%
MSSL Amassel
0%
MNSTR Amonistar
0%
MNT Amonita
0%
MPHNB Amphinobi
0%
MPBD Ampibidou
0%
NCHWTT Anchwatt
0%
NGLTH Angoliath
0%
NRTH Anorith
0%
PRN Apireine
0%
PTRN Apitrini
0%
RKD Arakdo
0%
ARQ Araqua
0%
RBK Arbok
0%
RBLV Arboliva
0%
ARCS Arceus
0%
RCHDC Archéduc
0%
RCHMR Archéomire
0%
RGST Argouste
0%
RMLD Armaldo
0%
RMLS Armulys
0%
RTKDN Artikodin
0%
SPCT Aspicot
0%
XLT Axoloto
0%
ZMRLL Azumarill
0%
ZRLL Azurill
0%
BBMNT Babimanta
0%
BGGGN Baggiguane
0%
BLBLZ Balbalèze
0%
BLBT Balbuto
0%
BLGNN Balignon
0%
BMBSLL Bamboiselle
0%
BNSHTR Banshitrouye
0%
BRBCH Barbicha
0%
BRGNT Bargantua
0%
BRLCH Barloche
0%
BZCN Bazoucan
0%
BKPN Bekipan
0%
BBCHT Bibichut
0%
BLCTN Blancoton
0%
BLSLL Bleuseille
0%
BLNDLS Blindalys
0%
BLZZVL Blizzeval
0%
BLZZ Blizzi
0%
BMBD Bombydou
0%
BRS Boréas
0%
BSKR Boskara
0%
BLDN Bouldeneu
0%
BRRNS Bourrinos
0%
BRSLLN Braisillon
0%
BRNTT Branette
0%
BRNDB Brindibou
0%
BRCHN Briochien
0%
BRHBM Brouhabam
0%
BRTPD Brutapode
0%
BLBZRR Bulbizarre
0%
CBLFR Câblifère
0%
CCN Cacnea
0%
CNNS Caninos
0%
CPMN Capumain
0%
CRBNG Carabing
0%
CRCHCRK Carchacrok
0%
CSTRN Castorno
0%
CRB Ceribou
0%
CRFLR Ceriflor
0%
CHFFRX Chaffreux
0%
CHMLLT Chamallot
0%
CHPGNN Chapignon
0%
CHPTS Chapotus
0%
CHRBMBN Charbambin
0%
CHRB Charbi
0%
CHRBR Charibari
0%
CHRKS Charkos
0%
CHRMLLN Charmillon
0%
CHRMLL Charmilly
0%
CHRMN Charmina
0%
CHRTR Chartor
0%
CHF-D-FR Chef-de-Fer
0%
CHLRS Chelours
0%
CHNPN Chenipan
0%
CHNPTT Chenipotte
0%
CHNT Cheniti
0%
CHNGJN Chongjian
0%
CHVSRR Chovsourir
0%
CLC Clic
0%
CTX Coatox
0%
CCTN Cocotine
0%
CFFTN Coiffeton
0%
CLDM Coléodôme
0%
CLMCS Colimucus
0%
CLSSNG Colossinge
0%
CNCMBFF Concombaffe
0%
CRN Corayon
0%
CRBSS Corboss
0%
CRVLLS Corvaillus
0%
CSMG Cosmog
0%
CSMVM Cosmovum
0%
CTVL Cotovol
0%
CFRL Couafarel
0%
CVRDR Couverdure
0%
CX Coxy
0%
CRBGRR Crabagarre
0%
CRBCQ Crabicoque
0%
CRBMNBL Crabominable
0%
CRDPD Cradopaud
0%
CRPR Craparoi
0%
CRHLF Créhelf
0%
CRM Crèmy
0%
CRPRL Croâporal
0%
CRCGRL Crocogril
0%
CRQN Croquine
0%
CRPTR Cryptéro
0%
CPCNLL Cupcanaille
0%
DRDRGNN Dardargnan
0%
DRMCH Darumacho
0%
DBGNT Debugant
0%
DLTT Delcatty
0%
DMT Démanta
0%
DMTRS Démétéros
0%
DNTCRSS Denticrisse
0%
DXS Deoxys
0%
DLG Dialga
0%
DMT Diamat
0%
DMCLS Dimoclès
0%
DMRT Dimoret
0%
DNGL Dinglu
0%
DDR Dodrio
0%
DD Doduo
0%
DGRN Dogrino
0%
DLMN Dolman
0%
DRCKHS Drackhaus
0%
DRCLSS Dracolosse
0%
DRKKRMN Drakkarmin
0%
DNCND Dunaconda
0%
DNJ Dunaja
0%
DNVLT Dynavolt
0%
CD Écaïd
0%
CN Écayon
0%
CRPNC Écrapince
0%
CRMH Écrémeuh
0%
KSR Ékaïser
0%
LCHTR Électhor
0%
LCTRD Électrode
0%
LKBL Élekable
0%
LKD Élekid
0%
LKTK Élektek
0%
MBRCHT Embrochet
0%
MBRLX Embrylex
0%
MLG Emolga
0%
MPFLR Empiflor
0%
EK Éoko
0%
SCRC Escroco
0%
THRNTS Éthernatos
0%
TRPTR Étouraptor
0%
TRM Étourmi
0%
TRVL Étourvol
0%
XCVRNN Excavarenne
0%
XCLNG Excelangue
0%
FMGNL Famignol
0%
FNTRM Fantyrm
0%
FRFDVT Farfaduvet
0%
FRGRF Farigiraf
0%
FVNS Favianos
0%
FLCNS Félicanis
0%
FLNFRN Félinferno
0%
FRDTR Ferdeter
0%
FRMT Fermite
0%
FLLJ Feuillajou
0%
FLTN Feuiloutan
0%
FRSSN Feurisson
0%
FLMJ Flamajou
0%
FLM Flamiaou
0%
FLNGST Flingouste
0%
FLTT Floette
0%
FLRMNTS Floramantis
0%
FLRVL Floravol
0%
FLTJ Flotajou
0%
FLTLLN Flotillon
0%
FLTTN Flotoutan
0%
FLTT-MCH Flotte-Mèche
0%
FLVTN Fluvetin
0%
FRGRTT Forgerette
0%
FRT-VR Fort-Ivoire
0%
FRTSM Fortusimia
0%
FNR Fouinar
0%
FRBLN Fourbelin
0%
FRGRN Fragroin
0%
FRGD Frigodo
0%
FRSSNLL Frissonille
0%
FRSSRDN Froussardine
0%
FLGDG Fulgudog
0%
FLGLR Fulgulairo
0%
FLGRS Fulguris
0%
FRGLN Furaigon/Forgelina
0%
GLGN Galegon
0%
GLKNG Galeking
0%
GLF Galifeu
0%
GLLM Gallame
0%
GLVGN Galvagon
0%
GLVRN Galvaran
0%
GMBX Gambex
0%
GRD-D-FR Garde-de-Fer
0%
GLT Gaulet/Iguolta
0%
GLTH Géolithe
0%
GRMCLT Germéclat
0%
GGLTH Gigalithe
0%
GGNSL Gigansel
0%
GRFRG Girafarig
0%
GRTN Giratina/Gouroutan
0%
GLPT Gloupti
0%
GB Gobou
0%
GLS Goélise
0%
GNFRX Goinfrex
0%
GPLN Goupelin
0%
GPX Goupix
0%
GRHN Grahyèna
0%
GRNVL Granivol
0%
GRVLNCH Gravalanch
0%
GRNSS Grenousse
0%
GRBRGN Gribouraigne
0%
GRKNT Griknot
0%
GRLLPTTS Grillepattes
0%
GRNGLM Gringolem
0%
GRDD Grodoudou
0%
GRMG Gromago
0%
GRNDG Grondogue
0%
GRDN Groudon
0%
GRK Gruikui
0%
GRGL Gueriaigle
0%
GRLND Guérilande
0%
HRM Hariyama
0%
HDM Haydaim
0%
HTRN Heatran
0%
HLDLL Hélédelle
0%
HLTRNC Héliatronc
0%
HPPDCS Hippodocus
0%
HPPPTS Hippopotas
0%
HP Hoopa
0%
HTHT Hoothoot
0%
HRL-Q Hurle-Queue
0%
HDRGN Hydragon
0%
HPNMD Hypnomade
0%
HPR Hyporoi
0%
NCSCH Incisache
0%
NSCTR Insécateur
0%
NSLRD Insolourdo
0%
R-FDR Ire-Foudre
0%
XN Ixon
0%
JLFLR Joliflor
0%
JDKRK Judokrak
0%
KBTPS Kabutops
0%
KDBR Kadabra
0%
KRN Kaorine
0%
KPR Kapoera
0%
KTGM Katagami
0%
KCLN Kecleon
0%
KLD Keldeo
0%
KCKL Kicklee
0%
KRL Kirlia
0%
KRBB Krabby
0%
KRKS Krakos
0%
KRNDS Kranidos
0%
KRM Kyurem
0%
LMNTN Lamantine
0%
LMPR Lampéroie
0%
LNSSRN Lanssorien
0%
LNTRN Lanturn
0%
LPRLL Laporeille
0%
LRMLN Larméléon
0%
LRVDR Larvadar
0%
LRVBL Larvibule
0%
LBLR Léboulérou
0%
LPHR Leuphorie
0%
LVNRD Leveinard
0%
LZRGS Lézargus
0%
LNJ Lianaja
0%
LL Lilia
0%
LLLTRLL Lilliterelle
0%
LMGM Limagma
0%
LMSPD Limaspeed
0%
LMND Limonde
0%
LNN Linéon
0%
LGRC Lougaroc
0%
LP Loupio
0%
LVDSC Lovdisc
0%
LCR Lucario
0%
LMNN Luminéon
0%
LNL Lunala
0%
MCHC Machoc
0%
MCKGNR Mackogneur
0%
MGB Magby
0%
MGRN Magearna
0%
MGRV Magirêve
0%
MGMR Magmar
0%
MGNZN Magnézone
0%
MLMNDR Malamandre
0%
MLSS Malosse
0%
MLVLM Malvalame
0%
MMNB Mamanbo
0%
MNGLT Manglouton
0%
MNGRFF Mangriff
0%
MNZ Manzaï
0%
MRST Maraiste
0%
MRCCRN Marcacrin
0%
MRSHDW Marshadow
0%
MSKDR Maskadra
0%
SSK Massko
0%
MSTFF Mastouffe
0%
MTF Matoufeu
0%
MTRGN Matourgeon
0%
MDHN Medhyèna
0%
MGPGS Mégapagos
0%
MS Méios
0%
MLDLF Mélodelfe
0%
MLTT Meloetta
0%
MNTL Mentali
0%
MTLSS Métalosse
0%
MWTW Mewtwo
0%
MSS Miaouss
0%
MSCRD Miascarade
0%
MSMX Miasmax
0%
MGLS Migalos
0%
MMNTS Mimantis
0%
MMGL Mimigal
0%
MMQ Mimiqui
0%
MMTSS Mimitoss
0%
MNDRC Minidraco
0%
MRDR Miradar
0%
MRDN Miraidon
0%
MSTGRX Mistigrix
0%
MMM M. Mime
0%
MNFLMT Monaflèmit
0%
MRDDR Mordudor
0%
MRPK Morpeko
0%
MTRZRD Motorizard
0%
MFFLR Moufflair
0%
MMFLN Moumouflon
0%
MMTN Moumouton
0%
MSCT Mouscoto
0%
MSTLLN Moustillon
0%
MD Moyade
0%
MCL Muciole
0%
MCSCL Mucuscule
0%
MNJ Munja
0%
MPLDCS Muplodocus
0%
MSTB Mustébouée
0%
NNM Nanméouïe
0%
NT Natu/Entei
0%
NCRZM Necrozma
0%
NGP Négapi
0%
NMLS Némélios
0%
NDKG Nidoking
0%
NGRGN Nigirigon
0%
NGSR Nigosier
0%
NNGL Ningale
0%
NCR Noacier
0%
NDKK Noadkoko
0%
NCTNR Noctunoir
0%
NNRSN Nounourson
0%
NMPHL Nymphali
0%
BL Obalie
0%
GRPN Ogerpon
0%
KK Okéoké
0%
LVD Olivado
0%
LVN Olivini
0%
NGLL Oniglali
0%
PRMN Opermine
0%
RTR Oratoria
0%
RTD Ortide
0%
SSTR Ossatueur
0%
TQN Otaquin
0%
TR Otaria
0%
TRLTT Otarlette
0%
STCRM Ouisticram
0%
VRFR Ouvrifier
0%
CT Oyacata
0%
PLK Palkia
0%
PLMVL Palmaval
0%
PPNX Papinox
0%
PRGRL Paragruel
0%
PRS Paras
0%
PRSCT Parasect
0%
PSSRG Passerouge
0%
PTCHT Pâtachiot
0%
PM-D-FR Paume-de-Fer
0%
PCHMNS Pêchaminus
0%
PLG-SBL Pelage-Sablé
0%
PHNP Phanpy
0%
PHLLL Phyllali
0%
PCSST Picassaut
0%
PCH Pichu
0%
PCLRN Piclairon
0%
PTC Piétacé
0%
PMT Pimito
0%
PLMLN Plumeline
0%
PHM Pohm
0%
PHMRMTT Pohmarmotte
0%
PHMTT Pohmotte
0%
PCHGN Poichigeon
0%
PSSR Poissoroy
0%
PLRHM Polarhume
0%
PNT Ponyta
0%
PRGN Porygon
0%
PRGN-Z Porygon-Z
0%
PSSCH Poussacha
0%
PSSF Poussifeu
0%
PRNPLF Prinplouf
0%
PSKKWK Psykokwak
0%
PTTRD Ptitard
0%
PTRNDR Ptyranidur
0%
PRX Pyrax
0%
PRBT Pyrobut
0%
PRNLL Pyronille
0%
QRTRMC Quartermac
0%
QLRR Queulorior
0%
QLBTOK Qulbutoké
0%
QWLFSH Qwilfish
0%
QWLPK Qwilpik
0%
RFFLS Rafflesia
0%
RCH Raichu
0%
RK Raikou
0%
RMBM Ramboum
0%
RPSDPC Rapasdepic
0%
RTTT Rattata
0%
RTTTC Rattatac
0%
RGC Regice
0%
RGLK Regieleki
0%
RGRCK Regirock
0%
RHNFRS Rhinoféros
0%
RHNLV Rhinolove
0%
RCBT Rocabot
0%
RGD Roigada
0%
RTFLM Roitiflam
0%
RNDD Rondoudou
0%
RSBSS Rosabyss
0%
RSRD Roserade
0%
RTTP Rototaupe
0%
RCRNG Roucarnage
0%
RCL Roucool
0%
R-D-FR Roue-de-Fer
0%
RSSL Roussil
0%
RZBTN Rozbouton
0%
RBMBLL Rubombelle
0%
RGT-LN Rugit-Lune
0%
SBLTT Sabelette
0%
SBLR Sablaireau
0%
SLMCH Salamèche
0%
SNCK Sancoki
0%
SPR Sapereau
0%
SRMR Sarmuraï
0%
SCLPRR Scalpereur
0%
SCRBRT Scarabrute
0%
SCLCNDR Scolocendre
0%
SCRPLN Scorplane
0%
SCRTLL Scrutella
0%
SLRC Séléroc/Solaroc
0%
SPTRC Sepiatroce
0%
SRPNG Serpang
0%
SRPNT- Serpente-Eau
0%
SHRPD Sharpedo
0%
SDRLL Sidérella
0%
SNSTRL Sinistrail
0%
SMGG Smogogo
0%
SPRFK Soporifik
0%
SRBBL Sorbouboul
0%
SRBL Sorboul
0%
SRCILNC Sorcilence
0%
SVKP Sovkipou
0%
SPCTRVL Spectreval
0%
SPCTR Spectrum
0%
SPRTMB Spiritomb
0%
SPNK Spoink
0%
STR Stari
0%
STRSS Staross/Strassie
0%
STTTK Statitik
0%
SCRN Sucreine
0%
SCRQN Sucroquin
0%
SLFR Sulfura
0%
SPRDFN Superdofin
0%
SLVR Sylveroy
0%
SMBS Symbios
0%
TDMRV Tadmorv
0%
TPTS Tapatoès
0%
TRTRD Tartard
0%
TPK Taupikeau
0%
TPQR Taupiqueur
0%
TRS Tauros
0%
TNFX Ténéfix
0%
TRCLP Téraclope
0%
TRPGS Terapagos
0%
TRHL Terhal
0%
TRRCL Terracool
0%
TRRCRL Terracruel
0%
TTMPL Têtampoule
0%
TGDMR Togedemaru
0%
TGKSS Togekiss
0%
TGP Togepi
0%
TKPN Tokopiyon
0%
TKRC Tokorico
0%
TKTR Tokotoro
0%
TMBRR Tomberro
0%
TRTRR Torterra
0%
TRTPSS Tortipouss
0%
TDD Toudoudou
0%
TRNCTN Tournicoton
0%
TXZP Toxizap
0%
TRNCHDN Tranchodon
0%
TRPSSBL Trépassable
0%
TRTSR Tritosor
0%
TRTX Tritox
0%
TRSSLN Trousselin
0%
TTNKFR Tutankafer
0%
TGNN Tygnon
0%
TP:0 Type:0
0%
TPHLN Typhlosion
0%
RSKNG Ursaking
0%
RSRNG Ursaring
0%
VCLS Vacilys
0%
VTTRC Vaututrice
0%
VMN Vémini
0%
VNLG Venalgue
0%
VNPTT Venipatte
0%
VCTN Victini
0%
VPLRR Vipélierre
0%
VVLDM Vivaldaim
0%
VLCNN Volcanion
0%
VLCRPD Volcaropod
0%
VLTL Voltali/Yveltal
0%
VLTRB Voltorbe
0%
VRTNT Vortente
0%
VSTRN Vostourno
0%
VRMBTR Vrombotor
0%
WGMN Wagomine
0%
WSHRS Wushours
0%
XRNS Xerneas
0%
NM Yanma
0%
NMG Yanmega
0%
MPHCT Ymphect
0%
ZBLTZ Zéblitz
0%
ZRR Zeraora
0%
ZGZTN Zigzaton
0%
ZR Zorua
0%
Aucun quiz correspondant
Distribution des résultats
% des personnes avec chaque résultat
Percentile par nombre de réponses
Votre historique - résultats
Vous n’avez pas pris ce quiz